000 00302nam a2200109 4500
008 160702b xxu||||| |||| 00| 0 eng d
100 _91905
_a Mandravanan, T.V
245 _aSome More Short Stories
260 _aN.D
_b Children Book Trust
_c1987
300 _aSome More Short Stories
942 _2ddc
_cBK
999 _c1607
_d1607